| 000 | 00446nam a2200145Ia 4500 | ||
|---|---|---|---|
| 999 |
_c529072 _d529072 |
||
| 005 | 20190919113908.0 | ||
| 008 | 190125s9999 xx 000 0 und d | ||
| 040 | _cMUHAMMAD SOHAIL | ||
| 082 | _a305.4 | ||
| 100 |
_aKishwar Naheed _93586 |
||
| 245 |
_a........عورت: زبانِ خلق سے زبانِ حال تک _bAurat: Zuban khalq se zuban hal tak |
||
| 260 |
_bSange Meel _aLahore _c2010 |
||
| 300 |
_a356p. : _c21cm _eHB |
||
| 942 |
_2ddc _cBK |
||